| 000 | 01468nam a22002897a 4500 | ||
|---|---|---|---|
| 005 | 20110426154449.0 | ||
| 008 | 090408t xxu||||| |||| 00| 0 hin d | ||
| 010 | _aHIN-92656 | ||
| 020 |
_a9788173292422 _c300.00 |
||
| 035 | _aHN-65002 | ||
| 037 | _bDBAD / PUB | ||
| 040 |
_aDPL _bHN |
||
| 082 | _a622.295 | ||
| 100 |
_aरूनवाल, जी.एस. _927482 |
||
| 245 |
_aसागर की खनिज संपदा / _cजी.एस.रूनवाल एवं श्याम सुन्दर शर्मा |
||
| 246 |
_aSagar ki Khanij Sampada _bG.S.Roonwal |
||
| 260 |
_aदिल्ली _bशिलालेख _c2011 |
||
| 270 |
_a4/32, सुभाष गली,विश्वास नगर, शाहदरा _bदिल्ली _e110032 |
||
| 300 |
_a206पृ _c22 सेमी (सजिल्द) |
||
| 500 | _aभारत सरकार द्वारा पुरस्कृत | ||
| 650 | _91169 | ||
| 650 | _91170 | ||
| 700 |
_927483 _aशर्मा, श्याम सुन्दर |
||
| 942 |
_adpl _cHN _2ddc _h622.295 _mरूनवा |
||
| 999 |
_c52279 _d52279 |
||